Perennial combinations : stunning combinations that make your garden look fantastic right from the start / C. Colston Burrell.
Record details
- ISBN: 0875968066
- Physical Description: 352 pages : color illustrations ; 24 cm.
- Publisher: Emmaus Pa. : Rodale Press, c1999.
Content descriptions
| Bibliography, etc. Note: | Includes bibliographical references (p.334) and index. |
| Formatted Contents Note: | Single-color combinations -- Warm-color combinations -- Cool-color combinations -- Contrasting-color combinations -- Color echo combinations -- Color theme garden designs -- Spring combinations -- Early summer combinations -- Late summer combinations -- Fall/winter combinations -- Garden designs for all seasons -- Combinations for sun -- Combinations for partial shade -- Combinations for shade -- Combinations for heavy clay soil -- Combinations for sandy soil -- Combinations for wet sites -- Garden designs for special growing conditions -- Soothing woodland wildflowers -- Lively meadow perennials -- Perennials down by the seashore -- Perennial companions for water gardens -- Garden designs for wild sites -- Combinations to attract hummingbirds and butterflies -- Fragrant and evening combinations -- Combinations for cutting and drying -- Garden designs for fun -- Garden plot plans. |
Search for related items by subject
| Subject: | Perennials. Planting design. Gardens > Design. |
| LDR | 01827nam a2200265 a 4500 | ||
|---|---|---|---|
| 001 | 131614 | ||
| 003 | CONS | ||
| 005 | 20140703073306.0 | ||
| 008 | 980915s1999 paua b 001 0 eng | ||
| 010 | . | ‡a 98040152 | |
| 020 | . | ‡a0875968066 | |
| 035 | . | ‡a(CPomAG)LMN502610 | |
| 050 | 0 | 0. | ‡aSB434 ‡b.B86 1999 |
| 082 | 0 | 0. | ‡a635.9/32 ‡221 |
| 100 | 1 | . | ‡aBurrell, C. Colston. |
| 245 | 1 | 0. | ‡aPerennial combinations : ‡bstunning combinations that make your garden look fantastic right from the start / ‡cC. Colston Burrell. |
| 260 | . | ‡aEmmaus Pa. : ‡bRodale Press, ‡cc1999. | |
| 300 | . | ‡a352 pages : ‡bcolor illustrations ; ‡c24 cm. | |
| 504 | . | ‡aIncludes bibliographical references (p.334) and index. | |
| 505 | 0 | . | ‡aSingle-color combinations -- Warm-color combinations -- Cool-color combinations -- Contrasting-color combinations -- Color echo combinations -- Color theme garden designs -- Spring combinations -- Early summer combinations -- Late summer combinations -- Fall/winter combinations -- Garden designs for all seasons -- Combinations for sun -- Combinations for partial shade -- Combinations for shade -- Combinations for heavy clay soil -- Combinations for sandy soil -- Combinations for wet sites -- Garden designs for special growing conditions -- Soothing woodland wildflowers -- Lively meadow perennials -- Perennials down by the seashore -- Perennial companions for water gardens -- Garden designs for wild sites -- Combinations to attract hummingbirds and butterflies -- Fragrant and evening combinations -- Combinations for cutting and drying -- Garden designs for fun -- Garden plot plans. |
| 650 | 0. | ‡aPerennials. | |
| 650 | 0. | ‡aPlanting design. | |
| 650 | 0. | ‡aGardens ‡xDesign. | |
| 959 | . | ‡i32269000839228 ‡l635.9 Bur ‡aAdult - Nonfiction ‡tNonFiction ‡g23.00 | |
| 852 | . | ‡p32269000839228 ‡j635.9 Bur ‡gAdult - Nonfiction ‡cNonFiction ‡y23.00 ‡bSBPL | |
| 901 | . | ‡a131614 ‡bUnknown ‡c131614 ‡tbiblio | |